| 000 | 00529 a2200193 4500 | ||
|---|---|---|---|
| 005 | 20260401112224.0 | ||
| 008 | 260319b |||||||| |||| 00| 0 eng d | ||
| 020 |
_a9789356170445 _cRs. 795.00 |
||
| 040 | _aMAIN | ||
| 082 |
_a294.5 _bD26H |
||
| 100 | _aDas, Babu Govinda | ||
| 245 | _aHindu ethics: Principles of Hindu religio-social regeneration | ||
| 260 |
_bShri Sai Printographers _aNew Delhi _c2026 |
||
| 300 | _axxxiii, 129 | ||
| 650 | _aReligion | ||
| 650 | _aHindu Nationalism | ||
| 650 | _aCustoms | ||
| 942 | _cBK | ||
| 999 |
_c394311 _d394311 |
||